000 00929nam a2200313 a 4500
008
020 _a0881678791 (hbk.)
049 _aMAIN
090 _aRD781
_bCHI
245 0 4 _aThe child's foot and ankle /
_cedited by James C. Drennan.
260 _aNew York :
_bRaven Press,
_cc1992.
300 _axiii, 559 p. :
_bill. ;
_c29 cm.
500 _aIncludes index.
504 _aIncludes bibliographical references.
650 0 _aFoot
_xDiseases.
650 0 _aFoot
_xAbnormalities.
650 0 _aAnkle
_xDiseases.
650 0 _aAnkle
_xAbnormalities.
650 0 _aPediatric orthopedics.
650 2 _aAnkle Injuries.
650 2 _aFoot Deformities
_xin infancy & childhood.
650 2 _aFoot Injuries.
700 1 _aDrennan, James C.
907 _a.b10163311
_b15-08-13
_c13-05-05
003
005 20230123125128.0
040 _cNUST
942 _cBOOKS
_kRD781
_mCHI
999 _c136211
_d136211